Contemporary management / (Record no. 3152)
[ view plain ]
| 000 -LEADER | |
|---|---|
| fixed length control field | 01383cam a2200169 a 4500 |
| 020 ## - INTERNATIONAL STANDARD BOOK NUMBER | |
| ISBN | 0256213518 |
| 050 00 - CALL NUMBER | |
| Classification number | HD31 |
| Item number | .J597 |
| 100 1# - AUTHOR | |
| Personal name | Jones, Gareth R. |
| 245 10 - TITLE | |
| Title | Contemporary management / |
| Statement of responsibility, etc | Gareth R. Jones, Jennifer M. George, Charles W.L. Hill. |
| 260 ## - PUBLICATION INFORMATION | |
| Place of publication | Boston, Mass. : |
| Name of publisher | Irwin/McGraw-Hill, |
| Year of publication | c1998. |
| 300 ## - DESCRIPTION | |
| Number of Pages | xvi, 672 p. : |
| Other physical details | ill. (some col.) ; |
| Dimensions | 29 cm. + |
| 505 ## - FORMATTED CONTENTS NOTE | |
| Table of Content | Part One<br/>Chapter 1 Managers and Managing <br/>Chapter 2 The Evolution of Management Theory<br/><br/> Part Two:<br/>Chapter 3 The organizational environment <br/>Chapter 4. The Global Environment <br/>Chapter 5 Ethics, Social Responsibility and Diversity <br/><br/>Part 3<br/>Chapter 6 The Manager as a Decision Maker <br/>Chapter 7 The Manager as a planner and Strategist<br/><br/>Part 4<br/>Chapter 8. Managing Organizational Structure <br/>Chapter 9. Organizational Control and Culture<br/>Chapter 10 Human Resource Management<br/><br/>Part 5<br/>Chapter 11 The Manager as a Person<br/>Chapter 12 Motivation <br/>Chapter 13. Leadership<br/>Chapter 14. Groups and Teams <br/>Chapter 15. Communication<br/>Chapter 16. Organizational Conflict, Politics, and Change<br/><br/>Part 6<br/>Chapter 17. Managing Information Systems and Technologies<br/>Chapter 18. Operations Management<br/>Chapter 19. The Management of Innovation, Product Development, and Entrepreneurship |
| 650 #0 - SUBJECTS | |
| Topical Term | Management. |
| 700 1# - OTHER AUTHORS | |
| Personal name | George, Jennifer M. |
| 700 1# - OTHER AUTHORS | |
| Personal name | Hill, Charles W. L. |
| 942 ## - ADDED ENTRY ELEMENTS (KOHA) | |
| Koha item type | Books |
| Withdrawn status | Lost status | Collection code | Home library | Current library | Shelving location | Date acquired | Full call number | Accession Number | Koha item type |
|---|---|---|---|---|---|---|---|---|---|
| Reference | Methodist University Library Main | Methodist University Library Main | General Stacks | 03/07/2000 | HD31 .J597 | 10446 | Books |